GMAT quantitative review : The Only Study Guide with Nearly 300 Real GMAT Questions and Answers by the Creator of the Test (Record no. 1293)

000 -LEADER
fixed length control field 01685nam a22004217a 4500
001 - CONTROL NUMBER
control field 15229741
003 - CONTROL NUMBER IDENTIFIER
control field OSt
005 - DATE AND TIME OF LATEST TRANSACTION
control field 20210501122230.0
008 - FIXED-LENGTH DATA ELEMENTS--GENERAL INFORMATION
fixed length control field 080322s2005 vaua 000 0 eng d
010 ## - LIBRARY OF CONGRESS CONTROL NUMBER
LC control number 2008272715
020 ## - INTERNATIONAL STANDARD BOOK NUMBER
International Standard Book Number 0976570920
020 ## - INTERNATIONAL STANDARD BOOK NUMBER
International Standard Book Number 9780976570929
035 ## - SYSTEM CONTROL NUMBER
System control number (OCoLC)ocm62736139
040 ## - CATALOGING SOURCE
Original cataloging agency JRZ
Transcribing agency JRZ
Modifying agency BAKER
-- BOS
-- YDXCP
-- JED
-- DLC
Language of cataloging eng
041 ## - LANGUAGE CODE
Language code of text/sound track or separate title eng
042 ## - AUTHENTICATION CODE
Authentication code lccopycat
043 ## - GEOGRAPHIC AREA CODE
Geographic area code n-us---
050 00 - LIBRARY OF CONGRESS CALL NUMBER
Classification number HF1118
Item number .G633 2005
080 ## - UNIVERSAL DECIMAL CLASSIFICATION NUMBER
Universal Decimal Classification number 37
Item number Q-23
082 04 - DEWEY DECIMAL CLASSIFICATION NUMBER
Classification number 650.076
Edition number 22
245 00 - TITLE STATEMENT
Title GMAT quantitative review : The Only Study Guide with Nearly 300 Real GMAT Questions and Answers by the Creator of the Test
Remainder of title the official guide /
Statement of responsibility, etc. from the Graduate Management Admission Council.
246 3# - VARYING FORM OF TITLE
Title proper/short title Official guide for GMAT quantitative review
246 3# - VARYING FORM OF TITLE
Title proper/short title Quantitative review, GMAT
260 ## - PUBLICATION, DISTRIBUTION, ETC.
Place of publication, distribution, etc. McLean, VA :
Name of publisher, distributor, etc. Graduate Management Admission Council,
Date of publication, distribution, etc. c2005.
300 ## - PHYSICAL DESCRIPTION
Extent 212 p.
Other physical details ill.
Dimensions 28 cm.
500 ## - GENERAL NOTE
General note "The only study guide with nearly 300 real GMAT questions, and answers by the creators of the test."
650 #0 - SUBJECT ADDED ENTRY--TOPICAL TERM
Topical term or geographic name entry element Graduate Management Admission Test
Form subdivision Study guides.
650 #0 - SUBJECT ADDED ENTRY--TOPICAL TERM
Topical term or geographic name entry element Education
9 (RLIN) 318
650 #0 - SUBJECT ADDED ENTRY--TOPICAL TERM
Topical term or geographic name entry element Management
Form subdivision Examinations, questions, etc.
650 #0 - SUBJECT ADDED ENTRY--TOPICAL TERM
Topical term or geographic name entry element Mathematics
Form subdivision Examinations, questions, etc.
650 #0 - SUBJECT ADDED ENTRY--TOPICAL TERM
Topical term or geographic name entry element Business
Form subdivision Examinations, questions, etc.
650 #0 - SUBJECT ADDED ENTRY--TOPICAL TERM
Topical term or geographic name entry element Universities and colleges
Geographic subdivision United States
General subdivision Graduate work
-- Entrance examinations
Form subdivision Study guides.
653 ## - INDEX TERM--UNCONTROLLED
Uncontrolled term განათლება
710 2# - ADDED ENTRY--CORPORATE NAME
Corporate name or jurisdiction name as entry element Graduate Management Admission Council.
906 ## - LOCAL DATA ELEMENT F, LDF (RLIN)
a 7
b cbc
c copycat
d 2
e ncip
f 20
g y-gencatlg
942 ## - ADDED ENTRY ELEMENTS (KOHA)
Source of classification or shelving scheme
Koha item type Books
Holdings
Withdrawn status Lost status Source of classification or shelving scheme Damaged status Not for loan Permanent location Current location Date acquired Inventory number Total Checkouts Full call number Barcode Date last seen Price effective from Koha item type
          Ken Walker International University Ken Walker International University 02/10/2021 1422   37 Q-23 1422 02/10/2021 02/10/2021 Books

Powered by Koha